=LDR 00000nam 2200000 4500 =001 000724 =005 20250711034649 =035 ##$$a 0010-0725000592 =007 ta =008 250711################a##########0#ind## =020 ##$$a 978-623-472-152-2 =082 ##$$a 398.209 598 =084 ##$$a 398.209 598 BEL w =100 #$$a Bellur Aarav =245 1#$$a Wortel /$c Aarav Bellur =250 ##$$a Cetakan pertama =260 ##$$a Rawamangun :$b Badan pengembangan dan pusat bahasa,$c 2022 =300 ##$$a 16 hlm. : $b Ilus. ; $c 22,9 cm. =650 #4$$a Cerita anak indonesia-terjemahan =650 #4$$a Literasi-bahan bacaan =990 ##$$a TBM04990499 =990 ##$$a TBM05010501